| 000 | 00389nam a2200145Ia 4500 | ||
|---|---|---|---|
| 008 | 230917s9999||||xx |||||||||||||| ||und|| | ||
| 040 |
_e7023 _aMAIN |
||
| 041 | _aEnglish | ||
| 082 | _a320.50954 G151V:P | ||
| 100 | _aVarma, Vishwanath Prasad | ||
| 245 | 0 | _aPolitical philosophy of Mahatma Gandhi | |
| 260 |
_aPatna _bLakshmi Naryan Agarwal _c1959 |
||
| 300 | _aviii, 468 p. | ||
| 942 | _cBK | ||
| 999 |
_c95717 _d95717 |
||